000 00425nam a22001697a 4500
005 20180227163813.0
008 160503b xxu||||| |||| 00| 0 eng d
020 _a81-85989-65-6
041 _aeng
082 _b1128
_a331
100 _aBakshi. Sunil
_9370
245 _aIndustrial Reletions & Labour laws.
260 _aNew Delhi
_bGalgotia Publ. Pvt. Ltd.
_c2001
300 _a99
650 _aManagement
_9241
942 _cBK
999 _c436
_d436